000 00370nam a22001577a 4500
003 SGT
020 _a978-0867154528
082 _a617.605
_bF06S
100 _aSUMMITT, JAMES B
245 _aFUNDAMENTALS OF OPERATIVE DENTISTRY
250 _a3rd
260 _aCHICAGO
_bQuintessence India
_c2006
300 _a1-600
650 _aOPERATIVE DENTISTRY
942 _2ddc
_cBK
999 _c21834
_d21834